Regions of Turkmenistan & it's Capitals - Statistics

General Stats
  • This quiz has been taken 38 times
  • The average score is 4 of 10
Answer Stats
Subdivision Codes Answer % Correct
TM-M Mary
82%
TM-B Balkanabat
64%
TM-D Daşoguz
59%
TM-L Türkmenabat
59%
TM-B Balkan Region
36%
TM-M Mary Region
32%
TM-A Ahal Region
27%
TM-L Lebap Region
27%
TM-A Anau
18%
TM-D Daşoguz Region
18%
No matching quizzes found
Score Distribution
Percent of People with Each Score
Percentile by Number Answered
Your Score History
You have not taken this quiz